Quizzes
Events
Quiz Creation
Community
Videos
Private Events
Remove Ads
Sign In
Join for FREE
Feedback
Dark Mode
Quiz Categories
Sports
Geography
Music
Movies
Television
Just For Fun
Miscellaneous
History
Literature
Language
Science
Gaming
Entertainment
Religion
Holiday
For Kids
Quiz Lab
Recent
Popular Today
Quiz Kudos Today
Editor Picks
Curator Picks
Quizzes by...
Day
Popularity
Type
Ratings
Length
Year
Community
Subscriptions
Recent Discussions
Orange Saloon
Badges
Playlists
Quests
Create
Leaderboards
Showdown
Live 5
Trivia Bingo
Activity
Puzzle Library
Sporcle Events
Private Events
Virtual Trivia
Globe League
Become a Host
Pub Owners
SporcleCon
Opinionation
Our Games
Videos
Blog
Mobile Apps
Partnerships
Remove Ads and Go Orange
Feedback
Language
Vocabulary
Begins and Ends
Definition
Spanish
French
German
Italian
Chinese
Latin
Translation
Japanese
Language
Vocabulary
Begins and Ends
Definition
Spanish
French
German
Italian
Chinese
Latin
Translation
Japanese
Random Quiz
Search Sporcle
×
Quiz Lab
Quiz Lab
Language
Lithuanian
Type in answers that appear in a list
Type in answers that appear in a list
Classic
Best Score? Go Orange.
Lithuanian Drinks (Gėrimai) Stats
Can you name the Lithuanian Drinks (Gėrimai)?
By
Raj2009
10m
42 Questions
27 Plays
27 Plays
27 Plays
Comments
Comments
Give Quiz Kudos
Give Quiz Kudos
-
- Ratings
hide this ad
Random Order
Randomize order of answers
Randomize order of answers
Replay
Link that replays current quiz
Next Quiz
Link to next quiz in quiz playlist
You Got
0%
They Got
Avg Score
75%
Avg Friend Score
Upgrade to see
Score Distribution
Jump to the score distribution portion of the page
Score
0/42
Timer
10:00
0
Plays Today
English
Lithuanian
% Correct
tea
arbata
96.3%
water
vanduo
96.3%
beer
alus
92.6%
coffee
kava
92.6%
milk
pienas
92.6%
mineral water
mineralinis vanduo
92.6%
cacao/
hot chocolate
kakava
88.9%
juice
sultys
88.9%
tea with lemon
arbata su citrina
88.9%
tea with milk
arbata su pienu
88.9%
wine
vynas
88.9%
lemonade
limonadas
88.9%
brandy
brendis
85.2%
champagne
šampanas
85.2%
cocktail
kokteilis
85.2%
tonic
tonikas
85.2%
vodka
degtinė
85.2%
whiskey
viskis
85.2%
alcohol
alkoholis
81.5%
coke
kokakola
81.5%
orange juice
apelsinų sultys
81.5%
English
Lithuanian
% Correct
tea with honey
arbata su medum
81.5%
espresso
espresas
81.5%
gin
džinas
77.8%
soy milk
sojų pienas
77.8%
liquor
likeris
74.1%
red wine
raudonasis vynas
74.1%
white wine
baltasis vynas
74.1%
cognac
konjakas
70.4%
rum
romas
70.4%
dry wine
sausas vynas
70.4%
table wine
stalo vynas
70.4%
Bloody Mary
Kruvinoji Merė
66.7%
sparkling water
gazuotas vanduo
66.7%
sangria
sangrija
63%
sweet wine
saldus vynas
59.3%
dessert wine
desertinis vynas
51.9%
port
portveinas
48.1%
instant coffee
tirpioji kava
40.7%
ground coffee
malta kava
37%
spring water
šaltinio vanduo
29.6%
sparkling wine
putojantis vynas
29.6%
Quiz Playlist
Details
Report
Send in Message
Add To Playlist
Classic:
Type in answers that appear in a list
Random Order:
Randomize order of answers
Last Updated: Feb 16, 2017
Quiz Scoreboard
CHALLENGE
Sign Up to Join the Scoreboard
Show All
Scores
Hide
Comments
May contain spoilers
Recently Published
Movies - When Are They Set?
by FPL_Elf
Movies
5m
Popular People in 1961
by mucciniale
History
6m
1-10 Letter E Words III
by El_Dandy
Language
2m
More to Explore
Quiz From the Vault
Featured Blog Post
Where Did the Easter Bunny Come From?
hide this ad
You Might Also Like...
Tags
Lithuanian
Today's Top Quizzes in Language
Browse Language
hide this ad
Today's Top Quizzes in Lithuanian
Browse Lithuanian
Top Contributed Quizzes in Language
1
Order Up: Top 10 Most Native Spoken Languages
2
1-10 Letter F Words III
3
1-10 Letter G Words III
4
1-10 Letter H Words III
5
1-10 Letter I Words III
6
One Thing in Common: Italy
7
1-10 Letter J Words III
8
Weisst du, aus welchen Sprachen diese Wörter stammen?
9
Hiragana Speed Reading
10
Begins and Ends With AN
Explore More
Trending Topics
Disney
Anime
Kpop
Harry Potter
NBA
Marvel
Crossword
NFL
Puzzle
Country
WWE
The Office
Song
Soccer
Pokémon
hide this ad
More By:
Raj2009
Quiz
Plays
Rating
Category
Featured
Created
Countries Avoided by The Amazing Race
47,381
4.39
Television
Nov 26, 2012
Survivor Tribes Alphabet
9,000
4.37
Television
Jun 14, 2010
Survivor Castaways Never Voted Off
6,578
4.06
Television
Feb 20, 2010
Celebrity Death Chronology (Musicians)
3,411
2.42
History
Oct 7, 2012
Is It Still Standing? (Las Vegas)
830
5.00
Geography
Apr 18, 2013
Go to Creator's Profile
Score Distribution
Quiz Creator Spotlight
Raj2009
Follow
Send a Message
Quizzes Created
-
Created Quiz Play Count
-
More By This Creator
Popular Quizzes Today
1
Find the Countries of Europe - No Outlines Minefield
2
Find the US States - No Outlines Minefield
3
The Countries of the World
4
Popular People in 1961
5
1-10 Letter E Words III
6
US States
7
Find the US States
8
One Thing in Common: World Cities II
More Language Quizzes
Words Ending with '-PPER'
Editor's Pick
Trending Quizzes
Risky Map Clicking: Least Populous States A-Z
Humor Books: The Subtitles
1-10 Letter F Words
1-10 Letter G Words
One Thing in Common: United Kingdom
Recently Updated
Leaping Animals
pecheneg
Reality TV Shows (A-Z)
bhenderson79
Rickey Henderson's Hall of Fame Teammates
pecheneg
Champions League XIs: Arsenal
pecheneg
Quick Pick: Celebrities in WWE's Hall of Fame
aduchscher
A-Z Keypad Blitz II
pecheneg
Multiple Oscar Actors
pecheneg
Mystery Phrase Blitz: Oscar 'Best Actors'
pecheneg
F. Scott Fitzgerald Novels
LTH
Pick 3 Villains
ddd62291
Trending Topics
Disney
Marvel
Harry Potter
Crossword
NBA
Kpop
Anime
Pokémon
NFL
WWE
Song
Country
Soccer
Puzzle
The Office
Your Account Isn't Verified!
In order to create a playlist on Sporcle, you need to verify the email address you used during registration. Go to your
Sporcle Settings
to finish the process.
Report this User
Report this user for behavior that violates our
Community Guidelines
.
Details:
Send Report
Go to the Sporcle.com Mobile Site →
Comments